Leave the City - Twenty One Pilots Lyrics - Statistics

General Stats
  • This quiz has been taken 10 times
  • The average score is 207 of 274
Answer Stats
Lyrics % Correct
all
100%
collected
100%
fire
100%
glowing
100%
I
100%
Verse 1 I'm
100%
Verse 2 It's
100%
I've
100%
I've
100%
of
100%
tending
100%
this
100%
tired
100%
to
100%
up
100%
used
100%
a
75%
alive
75%
alive
75%
alive
75%
alive
75%
almost
75%
almost
75%
almost
75%
almost
75%
almost
75%
almost
75%
almost
75%
almost
75%
almost
75%
almost
75%
almost
75%
almost
75%
almost
75%
almost
75%
alone
75%
back
75%
barely
75%
before
75%
beyond
75%
burning
75%
Verse 6 But
75%
'Cause
75%
change
75%
change
75%
city
75%
city
75%
city
75%
city
75%
comes
75%
concerning
75%
Couldn't
75%
Dancing
75%
details
75%
Embers
75%
ever
75%
faces
75%
facing
75%
far
75%
For
75%
For
75%
For
75%
For
75%
from
75%
from
75%
glorious
75%
goes
75%
gone
75%
hands
75%
hastily
75%
have
75%
home
75%
I
75%
I
75%
I
75%
I
75%
I
75%
I
75%
I
75%
I
75%
I
75%
I'm
75%
I'm
75%
in
75%
In
75%
In
75%
In
75%
In
75%
In
75%
is
75%
it
75%
it's
75%
it's
75%
it's
75%
it's
75%
it's
75%
It's
75%
Verse 4 It's
75%
it's
75%
it's
75%
it's
75%
it's
75%
it's
75%
it's
75%
it's
75%
it's
75%
it's
75%
it's
75%
know
75%
know
75%
know
75%
know
75%
know
75%
know
75%
know
75%
know
75%
know
75%
know,
75%
know
75%
know,
75%
know
75%
know,
75%
know,
75%
know
75%
know
75%
know
75%
know
75%
know,
75%
know,
75%
know,
75%
Verse 5 Last
75%
leave
75%
leave
75%
leave
75%
leave
75%
life
75%
low
75%
me
75%
me
75%
Moving
75%
my
75%
my
75%
needed
75%
no
75%
not
75%
now,
75%
now,
75%
now,
75%
now,
75%
of
75%
of
75%
of
75%
on
75%
one
75%
only
75%
ooh-ooh,
75%
ooh-ooh,
75%
ooh-ooh,
75%
ooh-ooh,
75%
ooh-ooh,
75%
ooh-ooh,
75%
ooh-ooh,
75%
ooh-ooh-ooh-oooh-ooooh)
75%
ooh-ooh-ooh-oooh-ooooh)
75%
ooh-ooh-ooh-oooh-ooooh)
75%
ooh-ooh-ooh-oooh-ooooh)
75%
ooh-ooh-ooh-oooh-ooooh)
75%
ooh-ooh-ooh-oooh-ooooh)
75%
ooh-ooooh,
75%
ooh-ooooh,
75%
ooh-ooooh,
75%
ooh-ooooh,
75%
ooh-ooooh,
75%
ooh-ooooh,
75%
ooh-ooooh,
75%
out
75%
over
75%
over
75%
over
75%
over
75%
over
75%
over
75%
over
75%
over
75%
pace
75%
plans
75%
Proof
75%
shadows
75%
show
75%
showing
75%
singed
75%
so
75%
stay
75%
stay
75%
stay
75%
stay
75%
take
75%
that
75%
that
75%
that
75%
that
75%
that
75%
that
75%
that
75%
that
75%
that
75%
that
75%
that
75%
that
75%
that
75%
that
75%
that
75%
the
75%
Verse 3 The
75%
the
75%
the
75%
the
75%
the
75%
These
75%
Chorus They
75%
They
75%
They
75%
They
75%
they
75%
they
75%
Chorus They
75%
They
75%
They
75%
They
75%
Bridge (They
75%
They
75%
(They
75%
They
75%
(They
75%
(They
75%
Chorus They
75%
They
75%
They
75%
They
75%
(They
75%
(They
75%
Outro They
75%
this
75%
though
75%
time
75%
time
75%
time
75%
time
75%
time
75%
Trench,
75%
when
75%
Why
75%
will
75%
will
75%
will
75%
will
75%
will
75%
will
75%
will
75%
will
75%
with
75%
year,
75%
year,
75%
I
50%
know,
50%
mean
50%
ooh-ooh,
50%
ooh-ooh-ooh-oooh-ooooh
50%
ooh-ooh-ooh-oooh-ooooh
50%
ooh-ooooh,
50%
pace
50%
the
50%
They
50%
What
50%
No matching quizzes found
Score Distribution
Percent of People with Each Score
Percentile by Number Answered
Your Score History
You have not taken this quiz